Connaissez-vous la saga Star Wars ? #4 - Statistiques

Statistiques générales
  • Ce quiz a été pris 513 fois
  • Le résultat moyen est 7 sur 22
Statistiques - réponses
Question Réponse % Correct
Quelle capitaine du Premier Ordre portait une armure chromée ? Capitaine Phasma
71%
Qui fut Chancelier Suprême de la République Galactique avant Palpatine ? Finis Valorum
47%
Qui a commandé la création de l'armée de Clones pour la République galactique ? Sifo-Dyas
46%
Quel nom portait le vaisseau de Boba Fett ? Slave I
43%
Sur quelle planète Dark Sidious était-il caché pendant près de 30 ans ? Exegol
41%
Quel acteur incarne Poe Dameron ? Oscar Isaac
41%
Comment se nomme le majordome de Jabba ? Bib Fortuna
36%
Comment s'appelle la drogue qu'un homme tenta de vendre à Obi-Wan, dans l'Épisode II ? Bâtons de la mort
32%
Qui était le chef gungan durant le blocus de cette même planète ? Boss Nass
29%
Comment s'appelle le vaisseau intercepté par le Star Destroyer, au début de l'Épisode IV ? Tantive IV
29%
Quelle vice-amirale aux cheveux violets sacrifia sa vie pour la Resistance ? Amilyn Holdo
28%
Quelles créatures Luke et Han chevauchent-ils sur Hoth ? Des tauntauns
27%
Quel est le nom de la base rebelle sur Hoth ? Base Echo
25%
Quel ami d'enfance Luke retrouve-t-il avant l'assaut sur l'Étoile de la Mort ? Biggs Darklighter
25%
Quelle est la capitale humaine de Naboo ? Theed
24%
Quelles créatures sont habituellement montées par les Tuskens ? Les banthas
23%
Quel acteur incarne C-3PO ? Anthony Daniels
21%
Quel nom portait le Star Destroyer de Dark Vador ? Executor
20%
Lors de la bataille d'Endor, qui est le copilote de Lando à bord du Faucon Millenium ? Nien Nunb
19%
Quelle chasseuse de primes était chargée d'assassiner Padmé sur Coruscant ? Zam Wesell
19%
Quelle créature vivait dans le broyeur à ordures de l'Étoile de la Mort ? Un dianoga
5%
Dans quel secteur se situe la planète Bespin ? Secteur Anoat
3%
Aucun quiz correspondant
Distribution des résultats
% des personnes avec chaque résultat
Percentile par nombre de réponses
Votre historique - résultats
Vous n’avez pas pris ce quiz